Guess the Fusion Rock Song Lyrics #357 - Statistics

General Stats
  • This quiz has been taken 14 times
  • The average score is 118 of 203
Answer Stats
Answer % Correct
a
100%
all
92%
And
92%
be
92%
Do
92%
I
92%
Can't
83%
it
83%
love
83%
me
83%
the
83%
to
83%
you
83%
baby
75%
got
75%
Got
75%
her
75%
Her
75%
is
75%
It's
75%
just
75%
my
75%
My
75%
no
75%
on
75%
she
75%
that
75%
That
75%
But
67%
for
67%
Oh
67%
She's
67%
so
67%
want
67%
every
58%
I'd
58%
knows
58%
mine
58%
time
58%
Come
50%
down
50%
eyes
50%
feel
50%
head
50%
make
50%
myself
50%
now
50%
she'll
50%
way
50%
with
50%
yeah
50%
You've
50%
Lookin
42%
never
33%
somethin
33%
keep
25%
Looking
25%
soul
25%
through
25%
Tonight
25%
tonight
25%
lets
17%
lover
17%
moves
17%
same
17%
Grass Roots
8%
one's
8%
side
8%
spinnin
8%
temptation
8%
Temptation
8%
endin
0%
excitin
0%
eyed
0%
game
0%
innocence
0%
invitin
0%
ride
0%
wild
0%
No matching quizzes found
Score Distribution
Percent of People with Each Score
Percentile by Number Answered
Your Score History
You have not taken this quiz